01154nam a2200277 a 450000100060000000300080000600500170001400800390003103500190007004000320008904100080012108200210012910000510015024501040020125000120030526000380031730000350035550400980039050400200048865000230050870000380053194200120056999900170058195201400059895201380073831091BD-RjUL20211209051647.0140413s1964 enkac b 001 0 eng a(BD-RjUL)31178 aDLCcDLCdDLCdBD-RjULbeng aeng a150.19bWOC 19641 aWoodworth, Robert Sessions.d1869-1962.98935210aContemporary schools of psychology /cby Robert S. Woodworth in collaboration with Mary R. Sheehan. a3rd ed. aNew York :bRonald Press,cc1964  aviii, 457 p. :bill. ;c24 cm. a"Robert S. Woodworth: a bibliography": p. 391-403. "References and author index": p. 405-440. aIncludes Index. 0aPsychology.9945731 aSheehan, Mary Rose,d1904-990524 2ddccBK c31091d31091 00102ddc40718NFICaRUCLbRUCLcReadingd1968-12-27eZeitlingerg61.60l0o150.19 WOC 1964r2014-04-13 00:00:00tC-1w2021-12-09yBK 00102ddc40708NFICaRUCLbRUCLcStackd1968-12-27eZeitlingerg61.60l0o150.19 WOC 1964r2021-03-25 00:00:00tC-2w2021-03-25yBK